000 00507nam a2200169Ia 4500
999 _c7414
_d7414
003 OSt
005 20200127120803.0
008 190216s9999||||xx |||||||||||||| ||und||
020 _a8186803289
040 _coclc
082 _a658.401
_bNAI/B
100 _aNair, N G
_91501
245 0 _aBusiness Policy And Strategic Management /
_cN G Nair ; Latha Nair
260 _bNational Publishing House,
_aJaipur:
_c2003.
300 _a464p
942 _cBK
_2ddc
_h658.401
_iNAI/B
_k658.401
_mNAI/B